00984nam a2200241 a 450000100100000000500170001000800410002702000150006804000250008310000250010824000730013324501690020626000450037530000210042049000360044150000210047770000330049870000360053183000430056704900090061095201060061999900170072500001567520200929164119.0100217s2003 ch bd 000 0 spa d a8483108615 aDO-SdBNPbspacBNPHU1 aBeckett, Andy93533110aPinochec in Piccadilly.Britain and Chil is hilden historylespañol13aPinochec en Piccadilly :bla historia secreta de Chile y el Reino Unido /cAndy Beckett ; traducción de Victoria Ordóñez ; reseña de Guzmán Urrero Peña. aBarcelona :bEditorial Tus Quets,c2003. a321 p. ;c22 cm.1 aTiempo de Memoria Tus Quetsv26 aIncluye índice1 aUrrero Peña, Guzman9353321 aOrdoñez, Victoriaetr.935333 0aTiempo de Memoria Tus Quetsv26935334 aBNPD 0010507-18MOaGRbGRcOId2010-02-17iLF1l0o p15675-10r2020-06-25w2020-06-25y1ZNo se presta c15227d15227